| 000 | 02734nam2a22003011 4500 | ||
|---|---|---|---|
| 001 | RU\NLR\A1\12006 | ||
| 005 | 20251203152403.2 | ||
| 035 | _a(NLR Aleph) 009674487 | ||
| 090 |
_a13474473 _c13474473 |
||
| 100 | _a19970618d1796 m y0rusy50 ca | ||
| 101 | 0 | _arus | |
| 140 | _ay y ma yaa0000 | ||
| 200 | 0 | _aКн.1 | |
| 215 | _a73, [1] с. | ||
| 316 |
_aЭкз. РНБ (18.165.7.8 (Кн.1)): кн.1-5 в одном пер. В карт. коричневом цельнокожаном пер. Кожа на корешке и крышках пер. потрескалась. Сверху крышки пер. отрываются от корешка. На нижней крышке пер. экслибрис Рус. фонда ГПБ с шифром. Корешок с блинтовым тиснением и светлой кожаной наклейкой, на которой вытиснено: "Безвредна ворожея". На форзаце ярлык с шифром РНБ. На нахзаце технич. штамп. Правая сторона форзаца отсутствует. На обороте тит. л. типогр. марка Ридигера и Клаудия. На с.1, 3, 4, 5, 7, 10, 11, 12, 13, 33, 63, 73 круглый штамп ГПБ. По всему кн. блоку потеки. _5NLR: 18.165.7.8 (Кн.1) |
||
| 317 |
_aВ экз. РНБ (18.165.7.8 (Кн.1)) на форзаце ярлык антикварной книжной торговли П.В.Шибанова. _5NLR: 18.165.7.8 (Кн.1) |
||
| 461 | 0 |
_1001RU\NLR\A1\12005 _12000#$aБезвредная ворожея, или Верной способ гадания,$fИзобретенной подпорутчиком Григорием Богдановым$gСостоящая в 5 книгах$vКн.1 _1700#1$aБогданов$bГ.$gГригорий$4070 _99676638 _aБогданов, Г. _cМосква _d1796 _fИзобретенной подпорутчиком Григорием Богдановым. _nВ Университетской типографии, у Ридигера и Клаудия _tБезвредная ворожея, или Верной способ гадания, _vКн.1 |
|
| 481 | 0 |
_1001RU\NLR\A1\12001 _913474471 _p81, [1] с. _tКн.2 |
|
| 481 | 0 |
_1001RU\NLR\A1\12002 _913474472 _p83-138 с. _tКн.3 |
|
| 481 | 0 |
_1001RU\NLR\A1\12007 _913474474 _p139-206 с. _tКн.4 |
|
| 481 | 0 |
_1001RU\NLR\A1\12008 _913474475 _p207-261, [1] с. _tКн.5 |
|
| 702 | 1 |
_aШибанов _bП.В. _f1822-1893 _gПетр Васильевич _5NLR: 18.165.7.8 (Кн.1) _4160 |
|
| 801 | 0 |
_aRU _bNLR _c19970618 |
|
| 852 |
_aNLR _j18.165.7.8 (Кн.1) |
||
| 942 | _cBOOK | ||
| 980 | _aA1XVIIIv | ||
| 980 | _aNB | ||